| 000 | 00716nam a22001937a 4500 | ||
|---|---|---|---|
| 005 | 20100816155630.0 | ||
| 010 | _aENG-100624 | ||
| 020 |
_a9788125036722 _c295.00 |
||
| 035 | _aEN-84157 | ||
| 037 | _bDBAD/PUB | ||
| 082 | _a483.2 | ||
| 245 |
_aOrient blackswan worldmaster : _bworldmaster learner's dictionary of modern english / |
||
| 260 |
_aNew Delhi _bOrient Blackswan _c2010 |
||
| 270 |
_a1/24, Asaf Ali Road _bNew Delhi _e110002 |
||
| 300 |
_axxv,899p. _c22cm (pbk) |
||
| 650 |
_aEnglish - Hindi Dictionary _914132 |
||
| 942 |
_2ddc _cEN _h483.2 _mORI |
||
| 999 |
_c42216 _d42216 |
||